000 03790cgm a2200805Ia 4500
001 ocn822057613
003 OCoLC
005 20200320193207.0
007 vd cvaizq
008 121219p20132012cau103 vleng d
020 _c15.95
024 1 _a043396404519
024 1 _a043396417106
028 4 2 _a40451
_bSony Pictures Home Entertainment
028 4 2 _a41710
_bSony Pictures Home Entertainment
029 1 _aAU@
_b000051624502
035 _a(OCoLC)822057613
037 _bMidwest Tape
_nhttp://www.midwesttapes.com
040 _aTEFMT
_cTEFMT
_dTEF
_dTEFMT
_dBDX
_dIK2
_dGL7
_dKNJ
_dVP@
_dOCLCF
_dUPZ
_dOCLCO
_dWACOL
041 1 _aeng
_afre
_jeng
_jfre
_heng
049 _aWACL
050 4 _aPN1997.2
_b.N69 2013
082 0 4 _a791.43/72
_223
092 _aDVD
_bNow
245 0 0 _aNow is good
_h[videorecording] /
_cBBC Films and BFI present in association with TF1 Droits Audiovisuels and Rising Star Film a Blueprint Pictures production ; produced by Graham Broadbent, Peter Czernin ; written and directed by OI Parker.
260 _aCulver City, Calif. :
_bSony Pictures Home Entertainment,
_c[2013]
300 _a1 videodisc (ca. 103 min.) :
_bsd., col. ;
_c4 3/4 in.
538 _aDVD, region 1, (2.35:1) anamorphic widescreen; 5.1 Dolby digital .
546 _aEnglish or French dialogue; English or French subtitles.
546 _aSubtitled for the deaf and hard of hearing.
500 _aTitle from container.
511 1 _aDakota Fanning, Jeremy Irvine, Paddy Considine, Olivia Williams, Kaya Scodelario, Rose Leslie.
508 _aCasting, Nina Gold ; music, Dustin O'Halloran ; editor, Peter Lambert ; director of photography, Erik Alexander Wilson.
500 _aBased on the novel "Before I die" by Jenny Downham.
500 _aRelease date: Jan. 8, 2013.
521 8 _aMPAA rating: PG-13; for mature thematic material involving illness, sexuality, and drugs, and for brief strong language.
520 _aLive every moment, love every minute. A girl dying of leukemia compiles a list of things she'd like to do before passing away. On the top of her list is the desire to lose her virginity.
500 _aSpecial features: deleted scenes ; in-depth featurette "Making moments: creating Now is good".
650 0 _aLeukemia
_xPatients
_vDrama.
_95894059
650 0 _aTerminally ill
_vDrama.
_95739772
650 7 _aLeukemia
_xPatients.
_2fast
_0(OCoLC)fst00996914
_95894060
650 7 _aTerminally ill.
_2fast
_0(OCoLC)fst01147878
_95894061
655 7 _aFeature films.
_2lcgft
_95894062
655 7 _aFiction films.
_2lcgft
_95674705
655 7 _aRomance films.
_2lcgft
_95675183
655 7 _aVideo recordings for the hearing impaired.
_2lcgft
_95894063
655 7 _aDrama.
_2fast
_0(OCoLC)fst01423879
_95673873
700 1 _aBroadbent, Graham.
_958299
700 1 _aCzernin, Peter.
_956592
700 1 _aParker, Ol,
_d1969-
_95894064
700 1 _aFanning, Dakota,
_d1994-
_968395
700 1 _aIrvine, Jeremy,
_d1990-
_95894065
700 1 _aConsidine, Paddy.
_977949
700 1 _aWilliams, Olivia,
_d1968-
_958702
700 1 _aScodelario, Kaya,
_d1992-
_95804443
700 1 _aLeslie, Rose,
_d1987-
_95894066
700 1 _aO'Halloran, Dustin,
_d1971-
_95894067
700 1 _aDownham, Jenny.
_tBefore I die.
_95894068
710 2 _aBBC Films.
_961997
710 2 _aBritish Film Institute.
_95761528
710 2 _aTF1 droits audiovisuels (Firm)
_95894069
710 2 _aRising Star (Firm)
_95894070
710 2 _aBlueprint Pictures.
_972029
710 2 _aSony Pictures Home Entertainment (Firm)
_971947
938 _aBrodart
_bBROD
_n103696350
942 _cDVD
_014
948 _a12/27/2014
_zSirsi
994 _a02
_bWACOL
996 _a114584
_b34301001401878
_cDVD
_dDVD
_ewcl
_fi
_g14
_h15.95
_lamazon
_mNow
_p12/29/2014
_q01/06/2020
_r12/30/2019
999 _c285408
_d285408